000 00926cam a2200289 4500
008 090401t1997 xxu||||| |||| 00| 0 eng d
020 _a0471966088
035 _a(Sirsi) u78097
041 _aeng
050 _a333.73
100 _aPetts, Judith
245 _aRisk-based contaminated land investigation and assessment.
260 _aChichester
_bJohn Wiley & Sons
_c1997
300 _axviii,334p. ; 23cm.
350 _a45
520 _aA practical guide to the risk assessment of contaminated sites including site investigation, hazard indentification and qualitative and quantified risk assessment.
650 _aCONTAMINATED LAND
650 _aHAZARD INDENTIFICATION
650 _aRISK ASSESSMENT
650 _aRISK MANAGEMENT
650 _aSITE INVESTIGATION
690 _aENVIRONMENTAL AND LAND CONSULTANCY
700 _aCairney, Tom
700 _aSmith, Mike
942 _n0
948 _c30/04/1997
999 _c96384
_d96384